000 00337nam a2200133Ia 4500
008 220216s9999 xx 000 0 und d
100 _aHuat O S
245 0 _aRRIM 700 series clone trials (Fourth selection) : Fifth report
260 _bPlanters Bulletin
_c1983
300 _a64-72
650 _aGirth
650 _aYield
942 _cJS
999 _c67320
_d67320